<?xml version="1.0" encoding="UTF-8"?>
<marc:record xmlns:marc="http://www.loc.gov/MARC21/slim">
   <marc:leader>00000nam a2200000 a 4500</marc:leader>
   <marc:datafield ind1="1" ind2=" " tag="100">
      <marc:subfield code="a">Bassalig, Linda</marc:subfield>
      <marc:subfield code="4">aut</marc:subfield>
      <marc:subfield code="e">Verfasser/-in</marc:subfield>
   </marc:datafield>
   <marc:datafield ind1=" " ind2=" " tag="653">
      <marc:subfield code="a">Aromatherapie Kinder</marc:subfield>
   </marc:datafield>
   <marc:datafield ind1=" " ind2=" " tag="653">
      <marc:subfield code="a">Aromatherapie Buch</marc:subfield>
   </marc:datafield>
   <marc:datafield ind1=" " ind2=" " tag="653">
      <marc:subfield code="a">ätherische öle</marc:subfield>
   </marc:datafield>
   <marc:datafield ind1=" " ind2=" " tag="653">
      <marc:subfield code="a">ätherische pflanzenöle</marc:subfield>
   </marc:datafield>
   <marc:datafield ind1=" " ind2=" " tag="653">
      <marc:subfield code="a">Aromatherapie für Kinder</marc:subfield>
   </marc:datafield>
   <marc:datafield ind1=" " ind2=" " tag="653">
      <marc:subfield code="a">Softcover / Ratgeber/Gesundheit/Alternative Heilverfahren</marc:subfield>
   </marc:datafield>
   <marc:datafield ind1="0" ind2="0" tag="245">
      <marc:subfield code="a">Aromatherapie für Kinder und Erwachsene</marc:subfield>
   </marc:datafield>
   <marc:datafield ind1="0" ind2="0" tag="245">
      <marc:subfield code="b">Das Praxisbuch - Nutzen Sie die wohltuenden Düfte der ätherischen Pflanzenöle für Ihre Gesundheit und aktivieren Sie Ihre Selbstheilungskräfte - inkl. Rezepten zum Selbstherstellen von Pflegeprodukten</marc:subfield>
   </marc:datafield>
   <marc:datafield ind1="0" ind2="0" tag="245">
      <marc:subfield code="c">Linda Bassalig</marc:subfield>
   </marc:datafield>
   <marc:datafield ind1=" " ind2="1" tag="264">
      <marc:subfield code="a">Norderstedt</marc:subfield>
      <marc:subfield code="b">BoD – Books on Demand</marc:subfield>
      <marc:subfield code="c">2020</marc:subfield>
   </marc:datafield>
   <marc:datafield ind1=" " ind2=" " tag="250">
      <marc:subfield code="a">1. Auflage</marc:subfield>
   </marc:datafield>
   <marc:datafield ind1="1" ind2=" " tag="520">
      <marc:subfield code="a">Angaben aus der Verlagsmeldung

Aromatherapie für Kinder und Erwachsene : Das Praxisbuch Nutzen Sie die wohltuenden Düfte der ätherischen Pflanzenöle für Ihre Gesundheit und aktivieren Sie Ihre Selbstheilungskräfte - inkl. Rezepten zum Selbstherstellen von Pflegeprodukten / von Linda Bassalig

Sie haben schon einmal etwas von der Aromatherapie für Kinder gehört und sich schon länger gefragt, was genau das überhaupt ist? Dann ist mein Ratgeber genau der richtige für Sie, denn ich habe nicht nur eine Definition parat.
Die Aromatherapie ist eine Methode zur Heilung und Linderung von kleineren und größeren Problemen bei Kindern, aber auch für Erwachsene. Dabei kommen ätherische Öle, auch Pflanzendüfte genannt, zum Einsatz. Sie wirken angenehm und beruhigend auf die Heranwachsenden. Richtig eingesetzt, können sie sogar eine nachhaltige und heilsame Wirkung auf den Körper und die Seele ausüben.
Sie werden in diesem Ratgeber außerdem etwas über die Wirkung der Öle, Nebenwirkungen und Gefahren sowie über die Anwendungsbereiche erfahren. Des Weiteren gebe ich Ihnen hilfreiche Tipps und Informationen darüber, wie auch Sie die Aromatherapie anwenden können.

Das erwartet Sie:
-Was versteht man unter einer Aromatherapie?
-Durchführung der Aromatherapie
-Aromatherapie für Kinder
-Welche Therapieformen gibt es?
-Die Wirkung von ätherischen Ölen
-Rezepte zum Selbstherstellen
-und vieles mehr ...
</marc:subfield>
   </marc:datafield>
   <marc:datafield ind1=" " ind2=" " tag="020">
      <marc:subfield code="a">9783752646504</marc:subfield>
      <marc:subfield code="9">9783752646504</marc:subfield>
   </marc:datafield>
   <marc:datafield ind1=" " ind2=" " tag="020">
      <marc:subfield code="a">3752646500</marc:subfield>
      <marc:subfield code="9">3752646500</marc:subfield>
   </marc:datafield>
   <marc:datafield ind1=" " ind2=" " tag="041">
      <marc:subfield code="a">ger</marc:subfield>
   </marc:datafield>
   <marc:datafield ind1=" " ind2=" " tag="300">
      <marc:subfield code="a">98 Seiten</marc:subfield>
   </marc:datafield>
</marc:record>
